Flags of all countries in the world (Very Hard +) - Statistics

General Stats
  • This quiz has been taken 608 times
    498 since last reset
  • The average score is 130 of 298
Answer Stats
Picture Hint Answer % Correct
Argentina
60%
Lebanon
60%
South Africa
60%
Barbados
59%
Czech Republic
59%
Georgia
59%
Thailand
59%
Turkey
59%
Vatican City
59%
Canada
58%
Chile
58%
Cyprus
58%
Egypt
58%
Netherlands
58%
Pakistan
58%
Portugal
58%
Romania
58%
Singapore
58%
Spain
58%
Sweden
58%
United Kingdom
58%
United States
58%
Vietnam
58%
Bangladesh
57%
Bhutan
57%
Cuba
57%
Denmark
57%
Ecuador
57%
Estonia
57%
Ethiopia
57%
India
57%
Ireland
57%
Italy
57%
Kazakhstan
57%
Russia
57%
South Korea
57%
Ukraine
57%
United Arab Emirates
57%
Uruguay
57%
Algeria
56%
Belgium
56%
Brazil
56%
Cambodia
56%
China
56%
Croatia
56%
France
56%
Germany
56%
Iceland
56%
Iran
56%
Israel
56%
Kosovo
56%
Latvia
56%
Malaysia
56%
Malta
56%
Mexico
56%
Nepal
56%
Niger
56%
North Korea
56%
North Macedonia
56%
Scotland
56%
Slovakia
56%
Slovenia
56%
Somalia
56%
Sri Lanka
56%
Switzerland
56%
Tunisia
56%
Uganda
56%
Wales
56%
Angola
55%
Australia
55%
Chad
55%
Greece
55%
Haiti
55%
Hong Kong
55%
Hungary
55%
Indonesia
55%
Jamaica
55%
Kenya
55%
Laos
55%
Mongolia
55%
Morocco
55%
Norway
55%
Philippines
55%
Qatar
55%
San Marino
55%
Saudi Arabia
55%
Taiwan
55%
Albania
54%
Andorra
54%
Austria
54%
Bahrain
54%
Belarus
54%
Bulgaria
54%
Colombia
54%
England
54%
Finland
54%
Greenland
54%
Grenada
54%
Guatemala
54%
Iraq
54%
Japan
54%
Kiribati
54%
Kyrgyzstan
54%
Liberia
54%
Liechtenstein
54%
Maldives
54%
Moldova
54%
Mozambique
54%
New Zealand
54%
Nigeria
54%
Poland
54%
Serbia
54%
Armenia
53%
Azerbaijan
53%
Cape Verde
53%
El Salvador
53%
Ghana
53%
Ivory Coast
53%
Jordan
53%
Lesotho
53%
Luxembourg
53%
Madagascar
53%
Montenegro
53%
Nicaragua
53%
Panama
53%
Papua New Guinea
53%
Peru
53%
Seychelles
53%
Turkmenistan
53%
Venezuela
53%
Bahamas
52%
Benin
52%
Dominican Republic
52%
Eswatini
52%
Honduras
52%
Isle of Man
52%
Kuwait
52%
Lithuania
52%
Malawi
52%
Saint Lucia
52%
Togo
52%
Uzbekistan
52%
Yemen
52%
Zambia
52%
Botswana
51%
Brunei
51%
Cameroon
51%
Dominica
51%
East Timor / Timor Leste
51%
Fiji
51%
Libya
51%
Mali
51%
Myanmar
51%
Oman
51%
Palau
51%
Paraguay
51%
Senegal
51%
Syria
51%
Tajikistan
51%
Tanzania
51%
Tonga
51%
Zimbabwe
51%
Afghanistan
50%
Belize
50%
Burkina Faso
50%
Costa Rica
50%
Djibouti
50%
Guyana
50%
Monaco
50%
Namibia
50%
Sierra Leone
50%
Bolivia
49%
Bosnia and Herzegovina
49%
Burundi
49%
Central African Republic
49%
Comoros
49%
Democratic Republic of the Congo
49%
Federated States of Micronesia
49%
Gabon
49%
Marshall Islands
49%
Mauritania
49%
Mauritius
49%
Palestine
49%
Republic of the Congo
49%
Samoa
49%
South Sudan
49%
Sudan
49%
Suriname
49%
Trinidad and Tobago
49%
Antigua and Barbuda
48%
Eritrea
48%
Nauru
48%
Puerto Rico
48%
The Gambia
48%
Equatorial Guinea
47%
Gibraltar
47%
Rwanda
47%
Vanuatu
47%
Guam
46%
Guinea
46%
Guinea-Bissau
46%
São Tomé and Príncipe
46%
Tuvalu
46%
Faroe Islands
45%
Saint Kitts and Nevis
45%
Macau / Macao
44%
Saint Vincent and the Grenadines
44%
U.S. Virgin Islands
44%
Solomon Islands
43%
American Samoa
41%
Aruba
40%
Bailiwick of Jersey
40%
Cook Islands
40%
Northern Ireland
40%
Catalonia
39%
Christmas Island
38%
Åland
37%
Bailiwick of Guernsey
37%
New Caledonia
37%
Niue
36%
Norfolk Island
36%
French Polynesia
34%
Kurdistan
34%
Northern Cyprus
34%
Sahrawi Arab Democratic Republic
34%
Basque Country
33%
Bermuda
33%
Sicily
33%
Tokelau
33%
Hawaii
32%
Tibet Autonomous Region
32%
Transnistria
32%
Abkhazia
31%
Bavaria
31%
Cocos Islands
31%
French Guiana
31%
Guadeloupe
31%
Sardinia
31%
Somaliland
31%
Anguilla
30%
Curaçao
30%
Falkland Islands
30%
Zanzibar
30%
Northern Mariana Islands
28%
Saint-Pierre and Miquelon
27%
British Indian Ocean Territory
26%
British Virgin Islands
26%
Mayotte
26%
Reunion
26%
Bonaire
25%
Easter Island
25%
Wallis and Futuna
24%
Montserrat
23%
Saint Helena
23%
Sint Maarten
23%
Cayman Islands
22%
Martinique
22%
Pitcairn Islands
22%
Saint-Barthélemy
20%
Saba
19%
Turks and Caicos Islands
19%
Ossetia
18%
Tristan da Cunha
16%
Ascension
15%
French Southern and Antarctic Lands
15%
Chechnya
13%
Sint Eustatius
13%
Hokkaido
12%
Xinjiang
12%
Saint-Martin
11%
Dagestan
10%
Karakalpakstan
10%
Tuva
9%
Adjara
8%
Adygea
8%
Okinawa
8%
Sakha (Yakutia)
8%
Vojvodina
8%
Buryatia
7%
Gagauzia
7%
Mari El
7%
Occitania
7%
Tatarstan
7%
Bashkortostan
6%
Ingushetia
6%
Kalmykia
6%
Aosta Valley
5%
Chuvashia
5%
Mordovia
5%
Trentino-Alto Adige/Südtirol
5%
Altai
4%
Friuli Venezia Giulia
4%
Karelia
4%
Khakassia
4%
Komi
4%
Udmurtia
4%
Kabardino-Balkaria
3%
Karachay-Cherkessia
3%
No matching quizzes found
Score Distribution
Percent of People with Each Score
Percentile by Number Answered
Your Score History
You have not taken this quiz since the last reset